[Event "8. LGA Premium Cup 2011"]
[Site "Nürnberg"]
[Date "2011.09.08"]
[Round "1.1"]
[White "Melzner, Lukas"]
[Black "Baramidze, David"]
[Result "0-1"]
[WhiteElo "2117"]
[BlackElo "2595"]
[PlyCount "38"]
[EventDate "2011.??.??"]
[WhiteTeam "SK Klosterlechfeld"]
[BlackTeam "SV Hockenheim"]

1. c4 e6 2. Nf3 Nf6 3. g3 Be7 4. Bg2 d5 5. b3 O-O 6. O-O c5 7. e3 Nc6 8. Bb2 d4
9. exd4 cxd4 10. Re1 Ne8 11. a3 a5 12. Ne5 Nxe5 13. Rxe5 f6 14. Re2 e5 15. d3
Bg4 16. f3 Bf5 17. g4 Bd7 18. b4 Nc7 19. Qe1 Ne6 0-1

[Event "8. LGA Premium Cup 2011"]
[Site "Nürnberg"]
[Date "2011.09.08"]
[Round "1.2"]
[White "Kunin, Vitaly"]
[Black "Mihok, Laszlo"]
[Result "1-0"]
[WhiteElo "2581"]
[BlackElo "2097"]
[PlyCount "59"]
[EventDate "2011.??.??"]
[WhiteTeam "Freibauer Mörlenbach-Birkenau"]
[BlackTeam "SK Tempelhof 1931 e.V."]

1. d4 d5 2. c4 e6 3. Nc3 Nf6 4. Bg5 Be7 5. e3 O-O 6. Nf3 b6 7. Qc2 Bb7 8. Rd1
Nbd7 9. Be2 h6 10. Bh4 Rc8 11. O-O c6 12. Rfe1 Ne8 13. Bxe7 Qxe7 14. e4 dxc4
15. Bxc4 c5 16. d5 e5 17. Bb5 Ndf6 18. Bxe8 Nxe8 19. Nb5 Nd6 20. Nxa7 Rc7 21.
a4 Ba8 22. Nb5 Rd7 23. Nxd6 Rxd6 24. Qc3 Re8 25. Nd2 Rg6 26. Nc4 Bb7 27. d6 Qg5
28. g3 Rd8 29. a5 f5 30. Nxe5 1-0

[Event "8. LGA Premium Cup 2011"]
[Site "Nürnberg"]
[Date "2011.09.08"]
[Round "1.3"]
[White "Götz, Heiko"]
[Black "Hector, Jonny"]
[Result "1-0"]
[WhiteElo "2112"]
[BlackElo "2532"]
[PlyCount "109"]
[EventDate "2011.??.??"]
[WhiteTeam "SV Mendig-Mayen e.V."]
[BlackTeam "SK Turm Emsdetten e.V."]

1. Nc3 d5 2. f4 d4 3. Ne4 Nf6 4. d3 Nc6 5. g3 e5 6. Nxf6+ Qxf6 7. Nf3 Bb4+ 8.
Kf2 Bd6 9. fxe5 Nxe5 10. h3 h6 11. Kg2 Bd7 12. Nxd4 O-O-O 13. e4 g5 14. Be2 Ng6
15. Be3 Rhg8 16. Bg4 Nf4+ 17. Kh2 h5 18. Bxd7+ Rxd7 19. Nf5 h4 20. Nxd6+ Qxd6
21. Qg4 Ng6 22. Rhg1 Ne5 23. Qf5 g4 24. Bf4 Nf3+ 25. Kh1 Qb6 26. gxh4 Nxg1 27.
Rxg1 Qxb2 28. hxg4 Qd4 29. Be5 Qe3 30. g5 Re8 31. h5 Rxe5 32. Qxe5 Qf3+ 33. Kh2
Qxh5+ 34. Kg3 Rd8 35. Qf5+ Kb8 36. Qg4 Qh8 37. Rf1 Qc3 38. Rxf7 Qe1+ 39. Kf4
Qc1+ 40. Kg3 Qg1+ 41. Kf4 Qf2+ 42. Qf3 Qxc2 43. g6 Qxa2 44. Kg5 Qd2+ 45. Qf4
Qg2+ 46. Kh6 Qh3+ 47. Kg5 Qg2+ 48. Kf6 Qb2+ 49. e5 Qb6+ 50. e6 Re8 51. Kg7 a5
52. Rf8 Rxf8 53. Qxf8+ Ka7 54. e7 Qd4+ 55. Kg8 1-0

[Event "8. LGA Premium Cup 2011"]
[Site "Nürnberg"]
[Date "2011.09.08"]
[Round "1.4"]
[White "Ftacnik, Lubomir"]
[Black "Saathoff, Richard"]
[Result "1-0"]
[WhiteElo "2564"]
[BlackElo "2111"]
[PlyCount "63"]
[EventDate "2011.??.??"]
[WhiteTeam "Hamburger SK von 1830 eV"]
[BlackTeam "SW Nürnberg Süd e.V."]

1. Nf3 Nf6 2. c4 g6 3. Nc3 Bg7 4. e4 d6 5. d4 O-O 6. Be2 e5 7. O-O Nc6 8. d5
Ne7 9. Ne1 Nd7 10. f3 f5 11. g4 Kh8 12. Ng2 Ng8 13. h4 Ndf6 14. exf5 gxf5 15.
g5 Nh5 16. f4 Ng3 17. Rf3 Nxe2+ 18. Nxe2 Ne7 19. Ng3 Qe8 20. a4 Bd7 21. Rd3 Rd8
22. Nh5 Qf7 23. Bd2 Rfe8 24. Bc3 Ng8 25. Re3 h6 26. Qe2 Bf8 27. fxe5 dxe5 28.
Rxe5 Kh7 29. Ngf4 hxg5 30. hxg5 Rxe5 31. Qxe5 Bc5+ 32. Kg2 1-0

[Event "8. LGA Premium Cup 2011"]
[Site "Nürnberg"]
[Date "2011.09.08"]
[Round "1.5"]
[White "Bolduan, Sebastian"]
[Black "Braun, Arik"]
[Result "0-1"]
[WhiteElo "2072"]
[BlackElo "2557"]
[PlyCount "66"]
[EventDate "2011.??.??"]
[WhiteTeam "SC Noris-Tarrasch Nürnberg 1873"]
[BlackTeam "SC Eppingen"]

1. e4 c6 2. Nf3 d5 3. exd5 cxd5 4. Ne5 g6 5. d4 Bg7 6. c3 Nd7 7. f4 Nh6 8. Bd3
O-O 9. O-O Nf6 10. Nd2 Nf5 11. Qe2 Nd6 12. g4 Nfe4 13. Nxe4 dxe4 14. Bxe4 Nxe4
15. Qxe4 f6 16. Nf3 Bxg4 17. Qxb7 Be6 18. Qe4 Bd5 19. Qe3 Qd7 20. Qf2 e5 21.
Be3 Rae8 22. Rad1 exf4 23. Bxf4 Re4 24. Bg3 Rfe8 25. Rfe1 Bh6 26. Rxe4 Rxe4 27.
Re1 Qe6 28. Kg2 Be3 29. Qc2 Rh4 30. Rxe3 Qxe3 31. Qf2 Re4 32. Kg1 Qd3 33. c4
Qxc4 0-1

[Event "8. LGA Premium Cup 2011"]
[Site "Nürnberg"]
[Date "2011.09.08"]
[Round "1.6"]
[White "Bindrich, Falko"]
[Black "Eiber, Manfred"]
[Result "1-0"]
[WhiteElo "2554"]
[BlackElo "2121"]
[PlyCount "85"]
[EventDate "2011.??.??"]
[WhiteTeam "SC Eppingen"]
[BlackTeam "SW Nürnberg Süd e.V."]

1. Nf3 d5 2. c4 c6 3. e3 Nf6 4. Nc3 a6 5. b3 Bg4 6. d4 e6 7. Be2 Nbd7 8. Bb2 b5
9. O-O Bd6 10. Ne5 Bxe2 11. Nxe2 Qc7 12. cxd5 cxd5 13. Rc1 Qb8 14. Nc6 Qb6 15.
Qd3 O-O 16. Rc2 Rfc8 17. Rfc1 Kf8 18. Ne5 Qb7 19. Nf4 Nb6 20. Qd1 Rxc2 21. Rxc2
Rc8 22. Nfd3 Rxc2 23. Qxc2 Qc8 24. Qxc8+ Nxc8 25. Bc3 Ne8 26. Nc5 Bxc5 27. Nd7+
Ke7 28. Nxc5 Nc7 29. Ba5 Kd6 30. f3 Kc6 31. Bxc7 Kxc7 32. Nxa6+ Kb6 33. Nb4 Ka5
34. a3 Nd6 35. Kf2 Kb6 36. Nd3 Nb7 37. Ke2 Na5 38. Nc5 Kc6 39. Kd3 e5 40. dxe5
Kxc5 41. b4+ Kb6 42. bxa5+ Kxa5 43. f4 1-0

[Event "8. LGA Premium Cup 2011"]
[Site "Nürnberg"]
[Date "2011.09.08"]
[Round "1.7"]
[White "Bischoff, Klaus"]
[Black "Stein, Marco"]
[Result "1-0"]
[WhiteElo "2528"]
[BlackElo "2046"]
[PlyCount "78"]
[EventDate "2011.??.??"]
[WhiteTeam "Sportfreunde Katernberg 1913 e.V"]
[BlackTeam "SV Alsfeld"]

1. c4 e5 2. Nc3 Nc6 3. Nf3 Nf6 4. d3 Bb4 5. Bd2 O-O 6. e3 d5 7. cxd5 Nxd5 8.
Be2 Re8 9. O-O Nb6 10. a3 Bf8 11. b4 a6 12. Qc2 Bf5 13. Rfd1 h6 14. Be1 Na7 15.
Ne4 c6 16. a4 Qc7 17. Nc5 Nd7 18. e4 Bh7 19. Rdc1 Rad8 20. Qb2 Nc8 21. Bd2 Kh8
22. Be3 f5 23. Nxd7 Rxd7 24. Nd2 Nd6 25. f3 Be7 26. Rc2 Bg5 27. Bf2 Qd8 28. Nb3
Nf7 29. b5 axb5 30. axb5 cxb5 31. Nc5 Rc7 32. Qxb5 Nd6 33. Qa5 Qb8 34. Na6 Rxc2
35. Nxb8 Rxe2 36. h4 Bf6 37. Nd7 Bg8 38. Nxf6 gxf6 39. Qc7 Re6 1-0

[Event "8. LGA Premium Cup 2011"]
[Site "Nürnberg"]
[Date "2011.09.08"]
[Round "1.8"]
[White "Klek, Hanna-Marie"]
[Black "Danin, Alexander"]
[Result "0-1"]
[WhiteElo "2160"]
[BlackElo "2542"]
[PlyCount "126"]
[EventDate "2011.??.??"]
[WhiteTeam "SC Erlangen 48/88 e.V."]
[BlackTeam "SC Tornado Wuppertal 199"]

1. e4 c5 2. Nf3 d6 3. d4 Nf6 4. Nc3 cxd4 5. Nxd4 a6 6. Bg5 e6 7. f4 Be7 8. Qf3
h6 9. Bh4 Qc7 10. O-O-O Nbd7 11. Bd3 g5 12. fxg5 Ne5 13. Qe2 Nfg4 14. Nf3 hxg5
15. Bxg5 Bxg5+ 16. Nxg5 Qc5 17. Nh3 Bd7 18. Rd2 Ke7 19. Nd1 Rag8 20. Kb1 b5 21.
Ndf2 Nxf2 22. Qxf2 Qxf2 23. Rxf2 Bc6 24. Re2 Rh4 25. Rf1 Rgg4 26. Ref2 Rg7 27.
Re2 Ng4 28. Rh1 Nf6 29. Rhe1 Rgg4 30. Kc1 Nxe4 31. Bxe4 Rxe4 32. Rxe4 Bxe4 33.
g3 Rxh3 34. Rxe4 Rxh2 35. a4 Rh5 36. axb5 axb5 37. Kd2 Rg5 38. Rb4 Kd7 39. Rf4
f5 40. Rf3 Rg4 41. Rb3 Kc6 42. Ke2 Rc4 43. Kd2 d5 44. Re3 Kd6 45. Rb3 b4 46.
Rf3 Rd4+ 47. Ke3 Re4+ 48. Kd3 Ke5 49. Rf1 Rd4+ 50. Ke3 Rg4 51. Kf3 Rc4 52. Re1+
Kf6 53. Re2 e5 54. Rd2 Ke6 55. Ke3 d4+ 56. Kd3 Kd5 57. Rh2 e4+ 58. Kd2 d3 59.
cxd3 Rd4 60. Kc2 Rxd3 61. Rh5 b3+ 62. Kc1 Ke6 63. Rh6+ Kf7 0-1

[Event "8. LGA Premium Cup 2011"]
[Site "Nürnberg"]
[Date "2011.09.08"]
[Round "1.9"]
[White "Malakhatko, Vadim"]
[Black "Krauß, Josef"]
[Result "1-0"]
[WhiteElo "2542"]
[BlackElo "2136"]
[PlyCount "81"]
[EventDate "2011.??.??"]
[WhiteTeam "SV Mülheim-Nord 1931 e"]
[BlackTeam "SV Würzburg von 1865 e.V."]

1. d4 d5 2. c4 c6 3. Nc3 Nf6 4. e3 a6 5. Nf3 Bf5 6. Qb3 Ra7 7. Nh4 Bg6 8. Nxg6
hxg6 9. Qc2 e6 10. a3 Nbd7 11. Bd2 Be7 12. h3 b5 13. b3 O-O 14. Be2 Qc7 15. O-O
Rb8 16. c5 e5 17. f4 e4 18. g4 g5 19. Kg2 Nh7 20. Be1 Rbb7 21. Bg3 Qd8 22. Qd2
Ndf8 23. Bd1 Ng6 24. Ne2 a5 25. Kh1 Qe8 26. Bh2 Nh4 27. Ng3 gxf4 28. exf4 Bd8
29. Qe3 Re7 30. Be2 g6 31. Rg1 f6 32. Raf1 Bc7 33. Qf2 Nf3 34. Bxf3 exf3 35.
Qxf3 Re3 36. Qf2 Bb8 37. h4 Rae7 38. h5 Rxb3 39. hxg6 Qxg6 40. Nf5 Re4 41. Qc2
1-0

[Event "8. LGA Premium Cup 2011"]
[Site "Nürnberg"]
[Date "2011.09.08"]
[Round "1.10"]
[White "Wolf, Richard"]
[Black "Prusikin, Michael"]
[Result "1/2-1/2"]
[WhiteElo "2159"]
[BlackElo "2507"]
[PlyCount "93"]
[EventDate "2011.??.??"]
[WhiteTeam "SK Schweinfurt 2000 e.V."]
[BlackTeam "SC Forchheim e.V."]

1. e4 e5 2. Nf3 Nc6 3. Bb5 a6 4. Ba4 Nf6 5. O-O Be7 6. Re1 b5 7. Bb3 d6 8. c3
O-O 9. h3 Nb8 10. d4 Nbd7 11. Nbd2 Bb7 12. Bc2 Re8 13. a4 Bf8 14. b4 Nb6 15. a5
Nbd7 16. Bb2 Rb8 17. Rb1 Ba8 18. Ba1 g6 19. Qe2 exd4 20. cxd4 Nxe4 21. Nxe4 d5
22. Ne5 dxe4 23. Bxe4 Nxe5 24. dxe5 Re6 25. Rbd1 Qe8 26. Qd2 Be7 27. Bxa8 Rxa8
28. Bd4 Rd8 29. Qc3 Qc6 30. Bc5 Rxd1 31. Rxd1 Bxc5 32. bxc5 Qe4 33. Rd7 b4 34.
Qd2 Rxe5 35. Rxc7 Qe1+ 36. Qxe1 Rxe1+ 37. Kh2 Ra1 38. Rb7 Rxa5 39. Rxb4 Rxc5
40. Rb6 a5 41. g4 a4 42. Ra6 Rc4 43. g5 h6 44. gxh6 Kh7 45. Rf6 Rc7 46. Ra6 Rc4
47. Rf6 1/2-1/2

[Event "8. LGA Premium Cup 2011"]
[Site "Nürnberg"]
[Date "2011.09.08"]
[Round "1.11"]
[White "Olszewski, Michal"]
[Black "Kvetny, Mark"]
[Result "1-0"]
[WhiteElo "2516"]
[BlackElo "2157"]
[PlyCount "45"]
[EventDate "2011.??.??"]
[WhiteTeam "DJK Aufwärts St. Josef Aachen 19"]
[BlackTeam "Stuttgarter SF 1879"]

1. d4 Nf6 2. c4 e6 3. Nf3 c5 4. d5 b5 5. dxe6 fxe6 6. cxb5 d5 7. Nc3 Nbd7 8. e4
d4 9. e5 Ng4 10. Ng5 Ndxe5 11. f4 dxc3 12. Qxd8+ Kxd8 13. fxe5 Ke8 14. bxc3
Nxe5 15. Bf4 Ng6 16. Bd2 Bd6 17. Be2 Bb7 18. O-O Rf8 19. Nxe6 Rxf1+ 20. Rxf1
Be5 21. Nxc5 Bd5 22. Nd3 Bd6 23. a4 1-0

[Event "8. LGA Premium Cup 2011"]
[Site "Nürnberg"]
[Date "2011.09.08"]
[Round "1.12"]
[White "Martin Fernandez, Rodrigo"]
[Black "Sanikidze, Tornike"]
[Result "0-1"]
[WhiteElo "2080"]
[BlackElo "2512"]
[PlyCount "74"]
[EventDate "2011.??.??"]
[WhiteTeam "SC Erlangen 48/88 e.V."]
[BlackTeam "SG Trier"]

1. d4 Nf6 2. c4 g6 3. Nc3 d5 4. Nf3 Bg7 5. Bf4 O-O 6. e3 c5 7. Be5 cxd4 8. exd4
Be6 9. cxd5 Nxd5 10. Be2 Nxc3 11. bxc3 Qa5 12. O-O Bxe5 13. Nxe5 Qxc3 14. Bf3
Nd7 15. Nxd7 Bxd7 16. Bxb7 Rab8 17. Bf3 Rb2 18. Rc1 Qa5 19. Re1 e6 20. Qd3 Rxa2
21. Re5 Qb4 22. h3 Qb2 23. Qe3 Ra3 24. Qf4 Ra4 25. Rd1 Rc8 26. Qe3 Ra1 27. Rxa1
Qxa1+ 28. Kh2 Qc1 29. Qxc1 Rxc1 30. Ra5 Rc7 31. d5 exd5 32. Bxd5 Bc8 33. Kg3
Kf8 34. Kf4 a6 35. Ke5 Ke7 36. Ra2 Rc5 37. Kd4 Rxd5+ 0-1

[Event "8. LGA Premium Cup 2011"]
[Site "Nürnberg"]
[Date "2011.09.08"]
[Round "1.14"]
[White "Kotz, Reinhard"]
[Black "Luther, Thomas"]
[Result "0-1"]
[WhiteElo "2118"]
[BlackElo "2493"]
[PlyCount "104"]
[EventDate "2011.??.??"]
[WhiteTeam "SV Puschendorf 1949 e.V."]
[BlackTeam "SV Empor Erfurt"]

1. e4 c5 2. Nf3 e6 3. Be2 Nc6 4. O-O Nf6 5. Nc3 d6 6. d4 cxd4 7. Nxd4 Be7 8.
Be3 O-O 9. Qd2 a6 10. Rad1 Ne5 11. h3 Qc7 12. Nf3 b5 13. Nxe5 dxe5 14. Bd3 Bb7
15. f3 Bb4 16. a3 Bxc3 17. Qxc3 Qxc3 18. bxc3 Rfc8 19. Bd2 Nd7 20. Kf2 Nb6 21.
Rb1 Rc7 22. c4 Nxc4 23. Bxc4 Rxc4 24. c3 f5 25. exf5 exf5 26. Rfd1 e4 27. f4
Rd8 28. Be3 Rd3 29. Rxd3 exd3 30. Bd4 Kf7 31. g3 Ra4 32. Ra1 g6 33. Ke3 Be4 34.
Kd2 Ke6 35. Kc1 Kd5 36. Ra2 b4 37. Be5 b3 38. Ra1 Kc4 39. Kd2 Ra5 40. Bf6 Rc5
41. a4 Rc6 42. Be5 a5 43. Rb1 Re6 44. h4 h6 45. Bg7 Bc6 46. Be5 g5 47. Rf1 gxh4
48. gxh4 Rg6 49. Bc7 Rg2+ 50. Kc1 d2+ 51. Kb1 Be4+ 52. Ka1 d1=Q+ 0-1

[Event "8. LGA Premium Cup 2011"]
[Site "Nürnberg"]
[Date "2011.09.08"]
[Round "1.15"]
[White "Huschenbeth, Niclas"]
[Black "Nuding, Matthias"]
[Result "1-0"]
[WhiteElo "2513"]
[BlackElo "2029"]
[PlyCount "91"]
[EventDate "2011.??.??"]
[WhiteTeam "Hamburger SK von 1830 eV"]
[BlackTeam "SC Noris-Tarrasch Nürnberg 1873"]

1. e4 c6 2. d4 d5 3. e5 Bf5 4. Nf3 e6 5. Be2 c5 6. Be3 cxd4 7. Nxd4 Ne7 8. Nd2
Nbc6 9. N2f3 Bg6 10. O-O a6 11. c4 dxc4 12. Bxc4 Rc8 13. Rc1 Nxd4 14. Nxd4 Be4
15. Qb3 Bd5 16. Bxd5 Qxd5 17. Qb6 Qd7 18. Qa7 f6 19. Rxc8+ Nxc8 20. Qb8 Be7 21.
Rc1 O-O 22. Qc7 Qd5 23. Qc4 Qxc4 24. Rxc4 Rd8 25. Kf1 Kf7 26. Rc7 fxe5 27. Nf3
Ke8 28. Rxb7 Bf6 29. Nd2 Rd7 30. Rb8 Rc7 31. b3 Kd7 32. Ke2 Ne7 33. Rb6 Rc6 34.
Rb7+ Rc7 35. Rxc7+ Kxc7 36. Ne4 Nd5 37. Nc5 a5 38. Bd2 Kb6 39. Nxe6 Nb4 40.
Bxb4 axb4 41. Kd3 Kb5 42. g4 h6 43. f3 Kc6 44. Kc4 Kd7 45. Nc5+ Kc6 46. Nd3 1-0

[Event "8. LGA Premium Cup 2011"]
[Site "Nürnberg"]
[Date "2011.09.08"]
[Round "1.16"]
[White "Hund, Gerhard"]
[Black "Milov, Leonid"]
[Result "0-1"]
[WhiteElo "1987"]
[BlackElo "2454"]
[PlyCount "75"]
[EventDate "2011.??.??"]
[WhiteTeam "SK Mering"]
[BlackTeam "SC Noris-Tarrasch Nürnberg 1873"]

1. d4 Nf6 2. Nf3 c5 3. c3 d5 4. Bf4 Nc6 5. e3 Qb6 6. Qb3 c4 7. Qc2 Bf5 8. Qc1
e6 9. Nbd2 Rc8 10. h3 h6 11. g4 Bh7 12. Ne5 Be7 13. Rg1 Ne4 14. Nxe4 Bxe4 15.
Be2 f6 16. Nxc6 Qxc6 17. f3 Bh7 18. Kf2 b5 19. Qd2 a5 20. h4 Bd6 21. Bxd6 Qxd6
22. f4 b4 23. Bf3 Bd3 24. Rae1 e5 25. e4 O-O 26. dxe5 fxe5 27. f5 bxc3 28. bxc3
Qb6+ 29. Kg2 dxe4 30. Bxe4 Rcd8 31. Qf2 Bxe4+ 32. Rxe4 Qc6 33. Qf3 Rd2+ 34. Kg3
Qd6 35. Rge1 Rxa2 36. Qf1 Qd3+ 37. Qxd3 cxd3 38. Rxe5 0-1

[Event "8. LGA Premium Cup 2011"]
[Site "Nürnberg"]
[Date "2011.09.08"]
[Round "1.17"]
[White "Hoffmann, Michael"]
[Black "Miller, Eduard"]
[Result "1-0"]
[WhiteElo "2463"]
[BlackElo "2134"]
[PlyCount "65"]
[EventDate "2011.??.??"]
[WhiteTeam "SG Solingen e.V."]
[BlackTeam "SC Forchheim e.V."]

1. d4 Nf6 2. c4 c5 3. d5 b5 4. Nf3 Bb7 5. Qc2 bxc4 6. e4 d6 7. Bxc4 g6 8. O-O
Bg7 9. Nc3 Nbd7 10. h3 O-O 11. a4 Nb6 12. Ba2 a5 13. Re1 Nfd7 14. Bf4 Ba6 15.
Rad1 Nc4 16. Bxc4 Bxc4 17. b3 Ba6 18. e5 Nxe5 19. Nxe5 dxe5 20. Bxe5 Bxe5 21.
Rxe5 Qd6 22. Rde1 Ra7 23. Qe4 Rb7 24. Rxe7 Rxb3 25. Qc2 c4 26. Qd2 Qf6 27. R1e5
Kg7 28. d6 Rd8 29. Ne4 Rd3 30. Qe1 Qf4 31. g3 Qf3 32. Ng5 Qd1 33. Ne6+ 1-0

[Event "8. LGA Premium Cup 2011"]
[Site "Nürnberg"]
[Date "2011.09.08"]
[Round "1.18"]
[White "Walter, Thomas"]
[Black "Farago, Ivan"]
[Result "0-1"]
[WhiteElo "2081"]
[BlackElo "2495"]
[PlyCount "80"]
[EventDate "2011.??.??"]
[WhiteTeam "SC Erlangen 48/88 e.V."]
[BlackTeam "SC Rottal"]

1. e4 c5 2. Nf3 e6 3. b3 b6 4. Nc3 Bb7 5. Bb2 Nf6 6. e5 Nd5 7. Nb5 a6 8. Nd6+
Bxd6 9. exd6 O-O 10. c4 Nf4 11. g3 Ng6 12. h4 Nc6 13. h5 Nge5 14. Rh4 Qf6 15.
Nxe5 Nxe5 16. f4 Nf3+ 17. Qxf3 Qxb2 18. Qc3 Qxc3 19. dxc3 e5 20. f5 g6 21. f6
Rae8 22. O-O-O Re6 23. Bh3 Rxf6 24. hxg6 hxg6 25. Rd2 Kg7 26. Bg4 Rf1+ 27. Kb2
f5 28. Bd1 e4 29. Bc2 Rg1 30. Rdh2 Kf6 31. b4 Rxg3 32. Rh7 Rf7 33. Rxf7+ Kxf7
34. Rh7+ Ke6 35. Ba4 Bc6 36. b5 axb5 37. Bb3 Kxd6 38. cxb5 Bxb5 39. a4 Bc6 40.
Bd1 e3 0-1

[Event "8. LGA Premium Cup 2011"]
[Site "Nürnberg"]
[Date "2011.09.08"]
[Round "1.19"]
[White "Mainka, Romuald"]
[Black "Troyke, Doreen"]
[Result "1-0"]
[WhiteElo "2442"]
[BlackElo "2079"]
[PlyCount "65"]
[EventDate "2011.??.??"]
[WhiteTeam "SC Hansa Dortmund e.V."]
[BlackTeam "Erfurter SK"]

1. e4 c5 2. Ne2 d6 3. g3 e6 4. Bg2 Nc6 5. O-O Nf6 6. c3 Be7 7. d4 cxd4 8. cxd4
O-O 9. Nbc3 a6 10. h3 Rb8 11. Be3 Na5 12. b3 b5 13. Rc1 Bb7 14. d5 Qd7 15. Qd2
Ba8 16. Rfd1 Rfc8 17. Nf4 e5 18. Nd3 Qd8 19. Kh2 g6 20. Ne2 Nd7 21. f4 Bf6 22.
Re1 exf4 23. gxf4 Bg7 24. Bd4 Nf6 25. Nb4 Bb7 26. Ng3 h5 27. Ne2 h4 28. Qe3 Nd7
29. Bxg7 Kxg7 30. e5 Nc5 31. f5 Rc7 32. f6+ Kg8 33. e6 1-0

[Event "8. LGA Premium Cup 2011"]
[Site "Nürnberg"]
[Date "2011.09.08"]
[Round "1.20"]
[White "Lodes, Hermann"]
[Black "Lobzhanidze, David"]
[Result "0-1"]
[WhiteElo "2060"]
[BlackElo "2463"]
[PlyCount "69"]
[EventDate "2011.??.??"]
[BlackTeam "SV 1920 Hofheim"]

1. d4 Nf6 2. c4 e6 3. g3 Bb4+ 4. Bd2 Be7 5. Bg2 d5 6. Nf3 O-O 7. Qb3 Nbd7 8.
Bb4 c5 9. dxc5 a5 10. Ba3 Nxc5 11. Bxc5 Bxc5 12. O-O b6 13. cxd5 Nxd5 14. Nc3
Nxc3 15. Qxc3 Bb7 16. Rad1 Qc7 17. Rc1 Rfd8 18. Rfd1 Rxd1+ 19. Rxd1 Rd8 20.
Rxd8+ Qxd8 21. Qd2 Qxd2 22. Nxd2 Ba6 23. Kf1 Kf8 24. Be4 g6 25. Bc2 Bd4 26. b3
Ke7 27. Nf3 Bc3 28. Bb1 f5 29. Ne1 e5 30. Bd3 Bb7 31. Bc4 g5 32. Nc2 f4 33. f3
h6 34. Bd3 Kd6 35. Kf2 0-1

[Event "8. LGA Premium Cup 2011"]
[Site "Nürnberg"]
[Date "2011.09.08"]
[Round "1.21"]
[White "Schneider, Ilja"]
[Black "Arnold, Max"]
[Result "1-0"]
[WhiteElo "2417"]
[BlackElo "2126"]
[PlyCount "75"]
[EventDate "2011.??.??"]
[WhiteTeam "Sfrd. Berlin 1903 e.V."]
[BlackTeam "SF Pfalzgrafenweiler"]

1. d4 Nf6 2. c4 e6 3. g3 d5 4. Nf3 dxc4 5. Bg2 Bb4+ 6. Bd2 a5 7. Qc2 Bxd2+ 8.
Qxd2 c6 9. a4 b5 10. axb5 cxb5 11. Qg5 O-O 12. Qxb5 Ba6 13. Qa4 Qb6 14. O-O Bb5
15. Qa3 Nc6 16. Nc3 Rab8 17. e3 Nd5 18. Nd2 Ndb4 19. Nxb5 Nc2 20. Qa4 Nxa1 21.
Rxa1 Ne7 22. Na3 Qxb2 23. Naxc4 Qc3 24. Qxa5 Rb4 25. Qa3 Qxa3 26. Rxa3 Rc8 27.
Ra8 Rxa8 28. Bxa8 Nd5 29. Bxd5 exd5 30. Ne5 f6 31. Nd3 Ra4 32. Kg2 Kf7 33. Nb3
Ra8 34. Nbc5 Rd8 35. Nb4 g5 36. Na4 Ke6 37. Nc3 h5 38. Nbxd5 1-0

[Event "8. LGA Premium Cup 2011"]
[Site "Nürnberg"]
[Date "2011.09.08"]
[Round "1.22"]
[White "Redzepovic, Irfan"]
[Black "Siebrecht, Sebastian"]
[Result "0-1"]
[WhiteElo "2054"]
[BlackElo "2459"]
[PlyCount "60"]
[EventDate "2011.??.??"]
[WhiteTeam "SW Nürnberg Süd e.V."]
[BlackTeam "Sportfreunde Katernberg 1913 e.V"]

1. Nf3 d5 2. d4 Nf6 3. c4 e6 4. Bg5 c6 5. Nc3 h6 6. Bxf6 Qxf6 7. e3 Nd7 8. a3
Qd8 9. Bd3 g6 10. e4 dxe4 11. Nxe4 Nf6 12. O-O Bg7 13. Qe2 O-O 14. Rfd1 b6 15.
Rac1 Bb7 16. Qc2 Qc7 17. Nxf6+ Bxf6 18. c5 Rfd8 19. Be4 Rac8 20. cxb6 axb6 21.
d5 exd5 22. Bxd5 Kg7 23. Ba2 c5 24. Qb3 c4 25. Qe3 Re8 26. Qd2 Bxf3 27. gxf3 b5
28. Qd5 Re5 29. Qd7 Re1+ 30. Kg2 Qxd7 0-1

[Event "8. LGA Premium Cup 2011"]
[Site "Nürnberg"]
[Date "2011.09.08"]
[Round "1.23"]
[White "Lanka, Zigurds"]
[Black "Frey, Alisa"]
[Result "1/2-1/2"]
[WhiteElo "2423"]
[BlackElo "2085"]
[PlyCount "83"]
[EventDate "2011.??.??"]
[WhiteTeam "TSV Schott Mainz"]
[BlackTeam "SC Eppingen"]

1. e4 e5 2. Nf3 Nc6 3. Bb5 a6 4. Ba4 Nf6 5. O-O Be7 6. Re1 b5 7. Bb3 d6 8. c3
O-O 9. d3 Na5 10. Bc2 c5 11. Nbd2 Nc6 12. Nf1 Re8 13. a3 Qc7 14. h3 d5 15. exd5
Nxd5 16. Ng5 Bxg5 17. Bxg5 f6 18. Bd2 Be6 19. Ng3 Rad8 20. Qf3 Nce7 21. a4 Ng6
22. axb5 axb5 23. d4 cxd4 24. Bxg6 hxg6 25. cxd4 Qc2 26. Ba5 Rc8 27. Ne4 Nf4
28. dxe5 fxe5 29. Bd2 Rf8 30. Bxf4 Rxf4 31. Qe3 Qxb2 32. Rab1 Qd4 33. Qxd4 exd4
34. Nd6 Rc2 35. Rxe6 Rfxf2 36. Rxg6 b4 37. Ne4 Rfe2 38. Rg4 d3 39. Rf1 d2 40.
Nf6+ Kf7 41. Nd5+ Kg8 42. Nf6+ 1/2-1/2

[Event "8. LGA Premium Cup 2011"]
[Site "Nürnberg"]
[Date "2011.09.08"]
[Round "1.25"]
[White "Tischbierek, Raj"]
[Black "Walter, Florian"]
[Result "1-0"]
[WhiteElo "2442"]
[BlackElo "2088"]
[PlyCount "77"]
[EventDate "2011.??.??"]
[WhiteTeam "USV TU Dresden"]
[BlackTeam "SV Lauf a.d.P."]

1. g3 g6 2. Bg2 Bg7 3. d4 d6 4. e4 Nf6 5. Nc3 O-O 6. Nge2 e5 7. h3 Nc6 8. Be3
exd4 9. Nxd4 Bd7 10. O-O Re8 11. Re1 Nxd4 12. Bxd4 Bc6 13. Qd2 Qd7 14. Rad1 a6
15. f4 Rad8 16. Qf2 Qc8 17. g4 Nd7 18. Bxg7 Kxg7 19. g5 Nc5 20. b4 Na4 21. Ne2
Kg8 22. Qd4 Bd7 23. Kh2 c5 24. bxc5 dxc5 25. Qe3 Nb2 26. Rd5 b6 27. Qb3 Na4 28.
c4 Bc6 29. e5 b5 30. Ng3 bxc4 31. Qxc4 Rxd5 32. Bxd5 Bxd5 33. Qxd5 Rd8 34. Qb3
Qc6 35. Rd1 Rxd1 36. Qxd1 c4 37. Qd8+ Kg7 38. f5 h6 39. f6+ 1-0

[Event "8. LGA Premium Cup 2011"]
[Site "Nürnberg"]
[Date "2011.09.08"]
[Round "1.26"]
[White "Krah, Michael"]
[Black "Gutman, Lev"]
[Result "1/2-1/2"]
[WhiteElo "1999"]
[BlackElo "2433"]
[PlyCount "113"]
[EventDate "2011.??.??"]
[WhiteTeam "SV Alsfeld"]
[BlackTeam "SV Lingen"]

1. d4 Nf6 2. Nf3 g6 3. Bf4 Bg7 4. e3 O-O 5. Be2 c6 6. h3 Qb6 7. Qc1 d6 8. O-O
c5 9. c3 Nc6 10. Nbd2 Be6 11. Ng5 Bf5 12. e4 Bc8 13. Nc4 Qd8 14. dxc5 h6 15.
Nf3 g5 16. Bh2 Nxe4 17. cxd6 exd6 18. Rd1 d5 19. Ne3 Be6 20. Nxd5 Bxd5 21. Bc4
Qb6 22. Rxd5 Qxf2+ 23. Kh1 Rad8 24. Qe1 Qxe1+ 25. Rxe1 Rxd5 26. Bxd5 Nf2+ 27.
Kg1 Nd3 28. Re2 Rc8 29. Rd2 Nc5 30. Kf1 a5 31. Bg1 Bf8 32. Nd4 Ne7 33. Nb3 Nxd5
34. Rxd5 Na4 35. Nxa5 Nxb2 36. Bd4 b6 37. Rb5 Na4 38. Nb3 Rc6 39. Nd2 Nxc3 40.
Rxb6 Rxb6 41. Bxb6 Nxa2 42. Bd4 Nb4 43. Ke2 Kh7 44. Ne4 Nc6 45. Bf6 Bg7 46.
Bxg7 Kxg7 47. g4 Nd4+ 48. Kf2 f5 49. gxf5 Nxf5 50. Kf3 Kg6 51. Nf2 Kh5 52. Ng4
Kg6 53. Ne5+ Kf6 54. Ng4+ Ke6 55. Nf2 Ke5 56. Ne4 Nh4+ 57. Kf2 1/2-1/2

[Event "8. LGA Premium Cup 2011"]
[Site "Nürnberg"]
[Date "2011.09.08"]
[Round "1.27"]
[White "Hirneise, Tobias"]
[Black "Leis, Stefan"]
[Result "1-0"]
[WhiteElo "2446"]
[BlackElo "1909"]
[PlyCount "87"]
[EventDate "2011.??.??"]
[WhiteTeam "SV Wattenscheid 1930"]
[BlackTeam "SC Mühlhof-Reichelsdorf e.V."]

1. d4 f5 2. Nf3 Nf6 3. g3 d6 4. Bg2 g6 5. O-O Bg7 6. c4 O-O 7. Nc3 Qe8 8. b3
Bd7 9. Re1 Nc6 10. e4 Nxe4 11. Nxe4 fxe4 12. Rxe4 Bf5 13. Rh4 e5 14. Ng5 e4 15.
Bxe4 Bxe4 16. Rxe4 Qd7 17. Be3 d5 18. cxd5 Qxd5 19. Qg4 Rae8 20. Rc1 Rxe4 21.
Qxe4 Qxe4 22. Nxe4 Re8 23. d5 Nb4 24. d6 cxd6 25. Nxd6 Rd8 26. Nxb7 Rd7 27.
Rc8+ Kf7 28. Nc5 Re7 29. Bg5 Re1+ 30. Kg2 Nxa2 31. Rc7+ Kg8 32. Rxa7 Nc3 33.
Bd2 Re8 34. Rxg7+ Kxg7 35. Bxc3+ Kf7 36. Kf3 h6 37. b4 g5 38. Bd4 Re1 39. g4
Rb1 40. Nd3 Rh1 41. b5 Rb1 42. b6 Ke7 43. Bc5+ Ke6 44. Ke4 1-0